000 00328nam a22001337a 4500
008 170526b xxu||||| |||| 00| 0 eng d
020 _a0198513615
041 _aeng
080 _a621
100 _a27
101 _aIM
245 _aNONEQUILIBRIUM THERMODYNAMICS AND ITS STATISTICAL FOUNDATIONS
_cKREUZER,H.J
942 _2udc
_cBK
999 _c14456
_d14456